Comté d'Angleterre - Statistiques

Statistiques générales
  • Ce quiz a été pris 71 fois
  • Le résultat moyen est 10 sur 36
Statistiques - réponses
Par images Réponse % Correct
Cornouailles
72%
Yorkshire
61%
Kent
50%
Devon
44%
Essex
39%
Nottinghamshire
39%
Berkshire
33%
Buckinghamshire
33%
Ile de Wight
33%
Lancashire
33%
Leicestershire
33%
Norfolk
33%
Yorkshire de l'est
33%
Dorset
28%
Oxfordshire
28%
Somerset
28%
Warwickshire
28%
Cambridgeshire
22%
Gloucestershire
22%
Hampshire
22%
Herefordshire
22%
Hertfordshire
22%
Lincolnshire
22%
Suffolk
22%
Surrey
22%
Ville de Londres
22%
Wiltshire
22%
Bedfordshire
17%
Cheshire
17%
Derbyshire
17%
Durham
17%
Rutland
17%
Shropshire
17%
Staffordshire
17%
Worcestershire
17%
Northamptonshire
6%
Aucun quiz correspondant
Distribution des résultats
% des personnes avec chaque résultat
Percentile par nombre de réponses
Votre historique - résultats
Vous n’avez pas pris ce quiz